La institución y las instituciones : estudios psicoanalíticos /

Guardado en:
Autor Principal: Kaes, R.
Formato: Libro
Publicado: Buenos Aires : Paidós, 2002
Series:Grupos e instituciones; No. 26
Materias:
Etiquetas: Agregar Etiqueta
Sin Etiquetas, Sea el primero en etiquetar este registro!
LEADER 01230nam a22002055a 4500
001 CEM.cems012784
005 20080526133446.0
008 130507s2002##################000#0#####d
003 CEMS
020 |a 9501246264 
082 0 4 |a 301.15 
100 1 |a Kaes, R. 
245 1 0 |a La institución y las instituciones :  |b estudios psicoanalíticos /  |c R. Kaes ... [et Al.] 
260 |a Buenos Aires :  |b Paidós,  |c 2002 
300 |a 256 p. 
490 0 |a Grupos e instituciones; No. 26 
505 0 |a Realidad psíquica y sufrimiento en las instituciones / René Kaes -- El grupo como institución y el grupo en las instituciones / José Bleger -- El trabajo de la muerte en las instituciones / Eugene Enriquez -- Para un psicoanálisis de las instituciones / Franco Fornari -- La infraestructura imaginaria de las instituciones, a proposito de la infancia inadaptada / Paul Fustier -- Espacios y prácticas institucionales. La liberación y el intersticio / René Roussillon -- El familiarismo en el enfoque "analítico" de la institución. La institución o la novela familiar de los análistas / Jean Pierre Vidal 
653 |a Educación 
653 |a Instituciones-patología de 
859 |a CEMS  |b BIB. CEMS - 11 de abril  |h 301.15  |i K118  |p 25052.08  |t Ej.1